[Event "14th Sants Open A"]
[Site "Barcelona ESP"]
[Date "2012.08.21"]
[Round "5.1"]
[White "Gajewski, G."]
[Black "Alonso Rosell, A."]
[Result "1/2-1/2"]
[WhiteElo "2628"]
[BlackElo "2502"]
[PlyCount "169"]
[EventDate "2012.08.17"]
[SourceDate "1999.07.01"]

1. d4 d5 2. c4 c6 3. Nf3 Nf6 4. e3 g6 5. Nc3 Bg7 6. Be2 O-O 7. O-O b6 8. Bd2
Bb7 9. b4 Nbd7 10. c5 a5 11. cxb6 axb4 12. Na4 Ne4 13. Bxb4 Nxb6 14. Nxb6 Qxb6
15. Rb1 Qc7 16. Nd2 Rxa2 17. Nxe4 dxe4 18. Bc4 Raa8 19. Qe2 Rfe8 20. Bc5 Bc8
21. f3 exf3 22. Rxf3 Bf6 23. e4 Be6 24. Bxe6 fxe6 25. Qc4 Qd7 26. Rfb3 Kf7 27.
Rb7 Qc8 28. Qb3 Ra5 29. e5 Rxc5 30. dxc5 Bxe5 31. Qf3+ Bf6 32. R7b6 Rd8 33.
Qxc6 Bd4+ 34. Kh1 Qxc6 35. Rxc6 Rd5 36. Rf1+ Kg7 37. Rxe6 Bxc5 38. Re2 Rd8 39.
Rc2 Rd5 40. g3 Bd6 41. Rcf2 Rd3 42. Rf7+ Kh6 43. Re1 Rd4 44. Re2 Ra4 45. Kg2
Rb4 46. Kf3 Rb1 47. Ke4 Rd1 48. Rc2 Re1+ 49. Kf3 Rf1+ 50. Rf2 Re1 51. Kg2 Ra1
52. Rc2 Ra7 53. Rc4 Ra2+ 54. Kh3 g5 55. Re4 Kg6 56. Rf1 Kg7 57. Kg4 Rxh2 58.
Kxg5 h6+ 59. Kg4 Kg6 60. Re6+ Kg7 61. Re4 Kg6 62. Kf3 Ra2 63. Rg4+ Kf5 64. Rg8
Rh2 65. g4+ Ke6 66. Ke4 Be5 67. Rf5 Bf6 68. Ra5 Kf7 69. Rc8 Rh1 70. Kf3 Rf1+
71. Kg2 Rb1 72. Rc4 Rb3 73. Rf4 Rb2+ 74. Rf2 Rb3 75. Rf3 Rb2+ 76. Kg3 Rb1 77.
Re3 Rc1 78. Rf5 Rg1+ 79. Kf3 Rf1+ 80. Ke2 Rg1 81. Re4 Rc1 82. Kd2 Ra1 83. Kd3
Ra3+ 84. Kc4 Ra4+ 85. Kd3 1/2-1/2

[Event "12th World Uni Men"]
[Site "Guimaraes POR"]
[Date "2012.08.21"]
[Round "4.1"]
[White "Bulski, K."]
[Black "Bu Xiangzhi"]
[Result "1/2-1/2"]
[WhiteElo "2544"]
[BlackElo "2670"]
[PlyCount "60"]
[EventDate "2012.08.20"]
[SourceDate "1999.07.01"]

1. d4 d5 2. c4 c6 3. Nf3 Nf6 4. e3 g6 5. Nc3 Bg7 6. Be2 O-O 7. O-O b6 8. cxd5
cxd5 9. b4 Bb7 10. Bb2 Ne4 11. Qb3 Nxc3 12. Bxc3 Nd7 13. Rfc1 a6 14. b5 a5 15.
Bb2 Rc8 16. a4 Re8 17. Rxc8 Qxc8 18. Rc1 Qb8 19. Qc2 Rc8 20. Qd2 e6 21. Rxc8+
Qxc8 22. Qc1 Bf8 23. Qxc8 Bxc8 24. Ne5 Bd6 25. Nxd7 Bxd7 26. f4 Bb4 27. Kf2 f5
28. g3 h5 29. h4 Kf7 30. Bd3 Ke7 1/2-1/2

[Event "Husek Vienna Open A"]
[Site "Vienna AUT"]
[Date "2012.08.19"]
[Round "7"]
[White "Georgiev, Ki"]
[Black "Ragger, M."]
[Result "1/2-1/2"]
[WhiteElo "2682"]
[BlackElo "2670"]
[PlyCount "44"]
[EventDate "2012.08.13"]
[SourceDate "1999.07.01"]

1. d4 d5 2. c4 c6 3. Nf3 Nf6 4. e3 Bg4 5. Nc3 e6 6. Qb3 Qb6 7. Nh4 Bh5 8. h3
Be7 9. g4 Bg6 10. Nxg6 hxg6 11. Bg2 g5 12. Bd2 Nbd7 13. O-O-O a5 14. Rhe1 a4
15. Qxb6 Nxb6 16. cxd5 Nfxd5 17. Bf1 a3 18. b3 Nxc3 19. Bxc3 Nd5 20. Bd2 Bb4
21. Bxb4 Nxb4 22. Kb1 Ke7 1/2-1/2

[Event "Turkish Bank Chess League 2012"]
[Site "Konya TUR"]
[Date "2012.07.20"]
[Round "11"]
[White "Ipatov, Alexander"]
[Black "Gunina, V."]
[Result "1-0"]
[WhiteElo "2581"]
[BlackElo "2533"]
[PlyCount "137"]
[EventDate "2012.07.11"]
[SourceDate "1999.07.01"]
[WhiteTeam "Istanbul Teknik Uni"]
[BlackTeam "Ceyhan Belediye"]

1. d4 d5 2. c4 c6 3. Nf3 Nf6 4. e3 Bf5 5. Nc3 e6 6. Nh4 Bg6 7. Nxg6 hxg6 8. Bd3
Nbd7 9. O-O Bd6 10. h3 O-O 11. Qc2 Qe7 12. Rd1 Rfd8 13. Bd2 Nf8 14. c5 Bc7 15.
f4 g5 16. Rf1 gxf4 17. exf4 Ne4 18. Bxe4 dxe4 19. Qxe4 e5 20. fxe5 Bxe5 21. Be3
Bf6 22. Rad1 Re8 23. Qxe7 Rxe7 24. Bf2 Rd8 25. d5 Bxc3 26. d6 Re5 27. bxc3 Ne6
28. Rfe1 Rh5 29. Re4 Kf8 30. Ra4 a6 31. Rh4 Rxh4 32. Bxh4 f6 33. Bf2 Kf7 34.
Rb1 Rd7 35. Kf1 Nf4 36. Be3 Ng6 37. Bd4 Ke6 38. Re1+ Kf7 39. Ke2 Nf4+ 40. Kf3
Ne6 41. Rb1 Nd8 42. Bf2 Ne6 43. Ke4 Ng5+ 44. Kd4 Ne6+ 45. Ke4 Ng5+ 46. Kd3 Ne6
47. g3 Kg6 48. Re1 Kf7 49. Kc4 Ng5 50. Kb4 Nf3 51. Re4 Ng5 52. Rh4 Nf3 53. Rh8
Nd2 54. Be3 Ne4 55. g4 Ng3 56. Ka5 Ne4 57. c4 Nc3 58. Rb8 g5 59. Bd2 Ne4 60.
Bb4 Nf2 61. Kb6 Nd3 62. Rxb7 Ke6 63. Kxc6 Ne5+ 64. Kb6 Nxc4+ 65. Kxa6 Rd8 66.
Kb5 Kd5 67. c6 Ra8 68. d7 Ne5 69. c7 1-0

[Event "Turkish Bank Chess League 2012"]
[Site "Konya TUR"]
[Date "2012.07.21"]
[Round "12"]
[White "Tregubov, P."]
[Black "Chadaev, N."]
[Result "1-0"]
[WhiteElo "2595"]
[BlackElo "2580"]
[PlyCount "81"]
[EventDate "2012.07.11"]
[SourceDate "1999.07.01"]
[WhiteTeam "Denizli Er Bakir"]
[BlackTeam "Adana Truva"]

1. d4 d5 2. c4 c6 3. Nf3 Nf6 4. e3 Bf5 5. Nc3 e6 6. Nh4 Bg6 7. Nxg6 hxg6 8. Bd3
Nbd7 9. O-O Bd6 10. h3 O-O 11. Qc2 e5 12. cxd5 cxd5 13. Qb3 e4 14. Be2 Nb6 15.
a4 a5 16. Bd2 Bb4 17. Rfd1 Rc8 18. Na2 Bxd2 19. Rxd2 Qd6 20. Qb5 Qc6 21. Rc1
Qxb5 22. Bxb5 Rfd8 23. Rc5 Kf8 24. b4 axb4 25. Nxb4 Nc4 26. Rc2 Rxc5 27. dxc5
Na3 28. Ra2 Nxb5 29. axb5 Nd7 30. c6 bxc6 31. Nxc6 Rc8 32. Ra7 Nf6 33. Kh2 Ne8
34. Ne5 Nd6 35. b6 Re8 36. Rd7 Rxe5 37. Rxd6 Ke7 38. b7 Kxd6 39. b8=Q+ Ke6 40.
g4 g5 41. Qd8 1-0

[Event "23rd Czech Open Rapid"]
[Site "Pardubice CZE"]
[Date "2012.07.19"]
[Round "4.1"]
[White "Navara, D."]
[Black "Mozharov, M."]
[Result "1/2-1/2"]
[WhiteElo "2679"]
[BlackElo "2500"]
[PlyCount "57"]
[EventDate "2012.07.18"]
[SourceDate "1999.07.01"]

1. d4 d5 2. c4 c6 3. Nf3 Nf6 4. e3 e6 5. Nbd2 Nbd7 6. Bd3 Bd6 7. O-O O-O 8. e4
e5 9. cxd5 cxd5 10. exd5 exd4 11. Ne4 Nxe4 12. Bxe4 Nf6 13. Bg5 Be7 14. Bxf6
Bxf6 15. Qd3 g6 16. Nxd4 Qb6 17. Rfd1 Qxb2 18. Rab1 Qxd4 19. Qxd4 Bxd4 20. Rxd4
Rd8 21. d6 Rb8 22. a3 b5 23. Rc1 Be6 24. Rc7 a5 25. Rb7 Rxb7 26. Bxb7 b4 27.
axb4 axb4 28. Rxb4 Rxd6 29. Bf3 1/2-1/2

[Event "Turkish Bank Chess League 2012"]
[Site "Konya TUR"]
[Date "2012.07.11"]
[Round "1"]
[White "Tregubov, P."]
[Black "Kobalia, M."]
[Result "1/2-1/2"]
[WhiteElo "2595"]
[BlackElo "2677"]
[PlyCount "45"]
[EventDate "2012.07.11"]
[SourceDate "1999.07.01"]
[WhiteTeam "Denizli Er Bakir"]
[BlackTeam "Ceyhan Belediye"]

1. d4 d5 2. c4 c6 3. Nf3 Nf6 4. e3 Bf5 5. Nc3 a6 6. Bd3 Bxd3 7. Qxd3 e6 8. O-O
Be7 9. e4 O-O 10. Rd1 dxe4 11. Nxe4 Nxe4 12. Qxe4 Nd7 13. a3 Rc8 14. Bf4 Re8
15. Rd3 b5 16. Ne5 Nxe5 17. Bxe5 bxc4 18. Rh3 g6 19. Rc1 c5 20. Qf4 Bg5 21.
Rxh7 f6 22. Qxg5 fxg5 23. Rh8+ 1/2-1/2

[Event "Int Open ch-SVK 2012"]
[Site "Banska Stiavnica SVK"]
[Date "2012.07.11"]
[Round "5.3"]
[White "Ftacnik, L."]
[Black "Michalik, P."]
[Result "1/2-1/2"]
[WhiteElo "2516"]
[BlackElo "2505"]
[PlyCount "63"]
[EventDate "2012.07.07"]
[SourceDate "1999.07.01"]

1. Nf3 d5 2. d4 Nf6 3. c4 c6 4. e3 Bg4 5. Qb3 Qb6 6. Nc3 e6 7. Nh4 Bh5 8. h3
Na6 9. g4 Bg6 10. Nxg6 hxg6 11. g5 Nd7 12. c5 Qxb3 13. axb3 Nc7 14. f4 Be7 15.
Bd2 f5 16. b4 a6 17. h4 Kf7 18. Be2 Nb5 19. Kf2 Na7 20. Bf3 Rab8 21. Ne2 Rh7
22. Nc1 Rbh8 23. Kg3 Bd8 24. Nd3 Bc7 25. Rh3 Ke7 26. Rah1 Kf7 27. Be1 Kf8 28.
Kg2 Kf7 29. Nc1 Kf8 30. Ne2 Kf7 31. Ng3 Nf8 32. Bf2 1/2-1/2

[Event "Mukachevo Summer Open"]
[Site "Mukachevo UKR"]
[Date "2012.06.29"]
[Round "7.1"]
[White "Nosenko, A."]
[Black "Bogdanovich, S."]
[Result "1-0"]
[WhiteElo "2517"]
[BlackElo "2515"]
[PlyCount "107"]
[EventDate "2012.06.26"]
[SourceDate "1999.07.01"]

1. d4 d5 2. c4 c6 3. Nf3 Nf6 4. e3 e6 5. Nbd2 c5 6. cxd5 exd5 7. dxc5 Bxc5 8.
Nb3 Bd6 9. Be2 O-O 10. O-O Nc6 11. Bd2 Bg4 12. Rc1 Ne4 13. Bc3 Rc8 14. h3 Be6
15. Nbd4 Qd7 16. Nxc6 bxc6 17. Be5 Bxe5 18. Nxe5 Qd6 19. Nd3 c5 20. Nf4 Qe5 21.
Qc2 Rb8 22. b3 c4 23. Bf3 cxb3 24. axb3 Ng5 25. Bg4 Bxg4 26. hxg4 Ne6 27. Ne2
Rb4 28. Ra1 Rxg4 29. Rxa7 h5 30. Ra4 Rb8 31. Rd1 Rxa4 32. bxa4 Rb2 33. Qc3 Qb8
34. Nd4 Nxd4 35. Qxd4 Qb3 36. Rc1 Ra2 37. Qe5 Rc2 38. Rxc2 Qxc2 39. Qe8+ Kh7
40. Qxf7 Qd1+ 41. Kh2 d4 42. Qf5+ Kh8 43. exd4 Qxd4 44. a5 g6 45. Qxg6 Qe5+ 46.
Kh3 Qxa5 47. f4 Qc3+ 48. Kh4 Qe1+ 49. Qg3 Qe2 50. Qg5 Qe1+ 51. Kxh5 Qh1+ 52.
Kg6 Qh7+ 53. Kf6 Qd7 54. Qe5 1-0